| 000 | 01836nam a22004697a 4500 | ||
|---|---|---|---|
| 003 | CHAP | ||
| 005 | 20220817044241.0 | ||
| 008 | 080206s2008 mx b r 00010 spa d | ||
| 010 | _a95766 | ||
| 011 | _a96738 | ||
| 035 | _a107394 | ||
| 040 | _cCHAP | ||
| 090 | _aTesis | ||
| 100 | 1 |
_aBonilla López, Lorena. _913707 |
|
| 245 | 1 | 0 |
_aFitogeografía de Taxus globosa en la región centro oriente de México _c/por Lorena Bonilla López y Pío Bernardino Canchola García |
| 260 |
_aChapingo, Méx. : _bEl autor, _c2008 |
||
| 300 |
_axi, 53 h. : _bcuadros, gráfs., mapa |
||
| 502 | _aTesis (Ing. en Restauración Forestal) -- UACH. División de Ciencias Forestales | ||
| 530 | _aTambién disponible en línea | ||
| 590 |
_aALEPH _b10 _c20130110 _lUCH01 _h1526 |
||
| 590 |
_aBATCH-UPD _b10 _c20130110 _lUCH01 _h0624 |
||
| 590 |
_aBATCH-UPD _b10 _c20130111 _lUCH01 _h0000 |
||
| 590 |
_aBATCH-UPD _b10 _c20130410 _lUCH01 _h0307 |
||
| 590 |
_aBATCH-UPD _b10 _c20130914 _lUCH01 _h0656 |
||
| 590 |
_aBATCH-UPD _b10 _c20130914 _lUCH01 _h2134 |
||
| 590 |
_aBATCH-UPD _b10 _c20140324 _lUCH01 _h1509 |
||
| 590 |
_aBATCH-UPD _b10 _c20141002 _lUCH01 _h0838 |
||
| 590 |
_aBATCH _b00 _c20181121 _lUCH01 _h0759 |
||
| 590 |
_aCONVERSION _b10 _c20130109 _lUCH01 _h1353 |
||
| 650 | 1 | 4 |
_aEcología vegetal. _935188 |
| 650 | 1 | 4 |
_aFitogeografía. _941157 |
| 650 | 1 | 4 |
_aRecursos naturales _xConservación. |
| 650 | 1 | 4 |
_aRecursos naturales _xEstudio y enseñanza. _995283 |
| 650 | 1 | 4 |
_aTaxus globosa. _9111775 |
| 700 | 1 |
_aCanchola García, Pío Bernardino. _918305 |
|
| 856 |
_3Finding aid _uhttp://10.13.5.2/tesis/107394.pdf _zTeclea aqui |
||
| 856 |
_a1 _n0000998 |
||
| 901 | _aBK | ||
| 942 | _cFOLL | ||
| 949 |
_aTesis _bBC _cTES _d33724002083272 _eTS2 _fc.2 _gDonaciØn _h48649 _i107394 _sb |
||
| 949 |
_aTesis _bBC _cTES _d33724002083314 _eTS1 _gDonaciØn _h48648 _i107394 _sb |
||
| 999 |
_c95766 _d95766 |
||